00377nam a2200157Ia 4500008004100000020001500041082001300056100001900069245002200088250000800110260003200118300001500150500002400165650001400189700001600203230524s9999 xx 000 0 und d a9812530592 a530bSOL aT.W.G.Solomons 0aOrganic Chemistry a1ST aNEW DELHIbJohn Wileyc2004 aXXXII;1308 aQuantity Number: 5 aChemistry a C.B.Fryhle